Drugs, Society & human behavior
Drugs, Society and Human Behavior provides the latest information on drug use and its effects on society as well as on the individual. Trusted for more than 30 years by both instructors and students, this authoritative resource examines drugs and drug use from a variety of perspectives―behavioral, p...
Na minha lista:
| Autor principal: | |
|---|---|
| Formato: | Livro |
| Idioma: | Undetermined |
| Publicado em: |
New York
McGraw-Hill
2011
|
| Assuntos: | |
| Tags: |
Adicionar Tag
Sem tags, seja o primeiro a adicionar uma tag!
|
| Thư viện lưu trữ: | Trung tâm Học liệu Trường Đại học Cần Thơ |
|---|
| LEADER | 01029nam a2200217Ia 4500 | ||
|---|---|---|---|
| 001 | CTU_210130 | ||
| 008 | 210402s9999 xx 000 0 und d | ||
| 020 | |c 105.7 | ||
| 082 | |a 362.29 | ||
| 082 | |b H325 | ||
| 100 | |a Hart, Carl l. | ||
| 245 | 0 | |a Drugs, Society & human behavior | |
| 245 | 0 | |c Carl L. Hart, Charles Ksir | |
| 260 | |a New York | ||
| 260 | |b McGraw-Hill | ||
| 260 | |c 2011 | ||
| 520 | |a Drugs, Society and Human Behavior provides the latest information on drug use and its effects on society as well as on the individual. Trusted for more than 30 years by both instructors and students, this authoritative resource examines drugs and drug use from a variety of perspectives―behavioral, pharmacological, historical, social, legal, and clinical. | ||
| 650 | |a Drugs of abuse,Drugs,Neuropsychopharmacology,Lạm dụng thuốc,Thuốc | ||
| 650 | |x Social aspects,Khía cạnh xã hội | ||
| 904 | |i Huỳnh Thị Ngọc Ngân, Tuyễn | ||
| 980 | |a Trung tâm Học liệu Trường Đại học Cần Thơ | ||